LEADER 01280nam a22003615i 4500 001 991002202529707536 007 cr nn 008mamaa 008 121227s1984 gw | s |||| 0|eng d 020 $a9783540390961 035 $ab14137197-39ule_inst 040 $aBibl. Dip.le Aggr. Matematica e Fisica - Sez. Matematica$beng 082 04$a515$223 084 $aAMS 32A22 084 $aAMS 32D99 084 $aAMS 32E30 084 $aAMS 32F99 084 $aAMS 32H99 245 00$aAnalyse complexe$h[e-book] :$bproceedings of the journées Fermat - journées SMF, held at Toulouse, May 24?27, 1983 /$cedited by Eric Amar, Roger Gay, Nguyen Thanh 260 $aBerlin :$bSpringer,$c1984 300 $a1 online resource (184 p.) 440 0$aLecture Notes in Mathematics,$x0075-8434 ;$v1094 650 0$aMathematics 650 0$aGlobal analysis (Mathematics) 700 1 $aAmar, Eric 700 1 $aGay, Roger 700 1 $aThanh, Nguyen 773 0 $aSpringer eBooks 856 40$uhttp://dx.doi.org/10.1007/BFb0099148$zAn electronic book accessible through the World Wide Web 907 $a.b14137197$b03-03-22$c05-09-13 912 $a991002202529707536 996 $aAnalyse complexe$9262566 997 $aUNISALENTO 998 $ale013$b05-09-13$cm$d@ $e-$feng$ggw $h0$i0 LEADER 00737nam a2200193 u 4500 001 991004269338007536 005 20230404150721.0 008 230327s2022 it a er 001 0 ita 020 $a9788867095742 082 04$a028.8 245 00$aFiaba 2.0 :$buna ricerca sulle 'best practices' nella costruzione di nuovi percorsi di scrittura ai tempi del Covid/19 /$cVittoria Bosna (a cura di) 260 $aRoma :$bAnicia,$c2021 300 $a175 p. :$bill. ;$c22 cm 490 0 $aApprendere e progettare. Supporti didattici ;$v151 650 0$aLettura$xImpiego [degli] E-book 700 1 $aBosna, Vittoria$eauthor$4http://id.loc.gov/vocabulary/relators/aut$0617897 912 $a991004269338007536 996 $aFiaba 2.0$93377988 997 $aUNISALENTO